| 000 | 00689cam a2200205 a 4500 | ||
|---|---|---|---|
| 001 | 000001006 | ||
| 005 | 20200929145449.0 | ||
| 008 | 890511s1988 sp 000 0 spa | ||
| 020 | _a8476830831 | ||
| 040 |
_aDO-SdBNP _cDLC _dDLC |
||
| 082 |
_a861.44 _bS511s |
||
| 100 | 1 |
_aSevilla de Juana, P. (Pedro) _93506 |
|
| 245 | 1 | 0 |
_aSomera investigación sobre una enfermedad muy extendida / _cP. Sevilla de Juana ; Edición Antonio J. Huerga Murcia. |
| 260 |
_aMadrid : _bLibertarias, _c1988. |
||
| 300 |
_a67 p. ; _c20 cm. |
||
| 650 | 4 |
_aPoesía española _9631 |
|
| 650 | 4 |
_aLiteratura española _9632 |
|
| 700 | 1 |
_aHuerga Murcia, Antonio J., _eed. _93507 |
|
| 910 | _aCatalogación por Copia / LC | ||
| 999 |
_c985 _d985 |
||